[Event "Gelfand Challenge 2021"]
[Site "chess24.com INT"]
[Date "2021.06.12"]
[Round "13.3"]
[White "Shuvalova, Polina"]
[Black "Praggnanandhaa, R"]
[Result "0-1"]
[WhiteTitle "IM"]
[BlackTitle "GM"]
[WhiteElo "2489"]
[BlackElo "2608"]
[WhiteFideId "24171760"]
[BlackFideId "25059530"]
[EventDate "2021.06.10"]

1. e4 c5 2. Nf3 d6 3. d4 cxd4 4. Nxd4 Nf6 5. Nc3 a6 6. Bd3 e5 7. Nde2 Be7 8. O-O
Be6 9. Ng3 Nc6 10. a3 Rc8 11. Re1 h6 12. h3 O-O 13. Bd2 Qd7 14. Qe2 Bd8 15. Rad1
Bb6 16. Kh2 Rfe8 17. Qf1 Qc7 18. f4 exf4 19. Bxf4 Ne5 20. Kh1 Qe7 21. Qe2 Nfg4
22. Rf1 Qh4 23. Bxe5 dxe5 24. Rf3 Nf2+ 25. Rxf2 Qxg3 26. Rf3 Qh4 27. Rff1 Bd4
28. Nd5 f5 29. c3 Ba7 30. c4 f4 31. b4 Bd4 32. c5 Kh8 33. Rc1 Bxh3 34. gxh3
Qxh3+ 35. Qh2 Qxd3 36. Qg2 Rcd8 37. Rcd1 Qxa3 38. Rf3 Qa4 39. Rxd4 Qa1+ 40. Kh2
Qxd4 41. Qg6 Qd2+ 42. Kh1 Rf8 43. Rh3 f3 44. Rh5 f2 45. Rf5 f1=Q+ 0-1

[Event "Gelfand Challenge 2021"]
[Site "chess24.com INT"]
[Date "2021.06.12"]
[Round "13.4"]
[White "Mammadzada, Gunay"]
[Black "Mendonca, Leon Luke"]
[Result "0-1"]
[WhiteTitle "IM"]
[BlackTitle "GM"]
[WhiteElo "2443"]
[BlackElo "2549"]
[WhiteFideId "13403729"]
[BlackFideId "35028561"]
[EventDate "2021.06.10"]

1. e4 c5 2. Nf3 d6 3. d4 cxd4 4. Nxd4 Nf6 5. Nc3 a6 6. h3 g6 7. g4 Bg7 8. Be3
Nc6 9. Qd2 Bd7 10. Be2 O-O 11. g5 Nh5 12. Bxh5 gxh5 13. O-O-O Ne5 14. Qe2 Rc8
15. Nd5 Nc4 16. Kb1 Be6 17. Nf4 Qa5 18. Nfxe6 fxe6 19. Rd3 Nxe3 20. Qxe3 Qe5 21.
c3 Rf7 22. h4 Rcf8 23. f3 Qg3 24. Rg1 Bxd4 25. Rxg3 Bxe3 26. Rxe3 Rf4 27. Rh3
Kf7 28. a4 d5 29. a5 dxe4 30. fxe4 e5 31. Ka2 Ke6 32. Re2 Rg4 33. Kb3 Rff4 34.
Rd2 Rxe4 35. Rd8 Rxh4 36. Rf3 Rhf4 37. Rh3 Rh4 38. Rhd3 Rh2 39. Ka3 h4 40. Rh8
Rg4 41. Rxh7 Rxg5 42. Rd8 e4 43. b4 e3 44. Re8 Kf5 45. Rhxe7 Re2 46. Rxe3 Rxe3
47. Rxe3 Rh5 48. c4 h3 49. Re1 h2 50. Rh1 Kf4 51. b5 Kg3 52. Kb4 Kg2 53. Rd1
h1=Q 54. Rxh1 Kxh1 55. bxa6 bxa6 56. c5 Rh4+ 57. Kc3 Kg2 58. Kd3 Kf3 0-1

[Event "Gelfand Challenge 2021"]
[Site "chess24.com INT"]
[Date "2021.06.12"]
[Round "13.5"]
[White "Saduakassova, Dinara"]
[Black "Zhu, Jiner"]
[Result "0-1"]
[WhiteTitle "IM"]
[BlackTitle "WGM"]
[WhiteElo "2500"]
[BlackElo "2462"]
[WhiteFideId "13700090"]
[BlackFideId "8608059"]
[EventDate "2021.06.10"]

1. d4 Nf6 2. Nf3 e6 3. Bf4 d5 4. e3 c5 5. Nbd2 Nc6 6. c3 Bd6 7. Bg3 O-O 8. Bd3
b6 9. e4 dxe4 10. Nxe4 Nxe4 11. Bxe4 Bb7 12. Qa4 Rc8 13. Rd1 Qe7 14. dxc5 Bxc5
15. b4 Nxb4 16. Bxb7 Qxb7 17. cxb4 Qe4+ 18. Kf1 Bxb4 19. h3 Rc4 20. Kg1 Bd6 21.
Qb3 Bxg3 22. fxg3 Rc2 23. Kh2 Qe2 24. Rhg1 Rxa2 25. Rd7 h6 26. Qd1 Qf2 27. Nh4
Ra3 28. Qg4 Rc8 29. Rgd1 Rcc3 30. Rd8+ Kh7 31. Qe4+ g6 32. R8d7 Rxg3 33. Qb7
Rxh3# 0-1

[Event "Gelfand Challenge 2021"]
[Site "chess24.com INT"]
[Date "2021.06.12"]
[Round "13.6"]
[White "Yoo, Christopher Woojin"]
[Black "Nihal, Sarin"]
[Result "0-1"]
[WhiteTitle "IM"]
[BlackTitle "GM"]
[WhiteElo "2457"]
[BlackElo "2620"]
[WhiteFideId "30909694"]
[BlackFideId "25092340"]
[EventDate "2021.06.10"]

1. d4 d5 2. c4 c5 3. cxd5 Qxd5 4. Nf3 cxd4 5. Nc3 Qa5 6. Nxd4 Nf6 7. g3 e5 8.
Nb3 Qc7 9. Bg2 Bb4 10. Bd2 O-O 11. O-O Nc6 12. Rc1 Be6 13. Ne4 Rfd8 14. Nxf6+
gxf6 15. Qe1 Rxd2 16. Nxd2 Qa5 17. Rc3 Bxc3 18. bxc3 Qxc3 19. Qb1 Qxd2 20. Qxb7
Rb8 21. Qxc6 Qxa2 22. f4 Qxe2 23. f5 Bc4 24. Kh1 Rb2 25. Rg1 Bd3 26. g4 h6 27.
h4 Kg7 28. Qc1 Rb1 29. Qc3 Be4 30. Qg3 Qxg2+ 31. Qxg2 Bxg2+ 32. Kxg2 Rxg1+ 33.
Kxg1 a5 0-1

[Event "Gelfand Challenge 2021"]
[Site "chess24.com INT"]
[Date "2021.06.12"]
[Round "13.7"]
[White "Gukesh, D"]
[Black "Yip, Carissa"]
[Result "1-0"]
[WhiteTitle "GM"]
[BlackTitle "IM"]
[WhiteElo "2578"]
[BlackElo "2430"]
[WhiteFideId "46616543"]
[BlackFideId "2090732"]
[EventDate "2021.06.10"]

1. c4 g6 2. Nf3 Bg7 3. d4 e6 4. g3 Ne7 5. Bg2 d5 6. O-O O-O 7. Nc3 Nbc6 8. e3 b6
9. b3 Ba6 10. Nd2 Na5 11. Bb2 Rc8 12. Qc2 c6 13. Rfd1 Nf5 14. Rac1 Qd7 15. Nf3
Rfd8 16. e4 Ne7 17. c5 bxc5 18. dxc5 Qc7 19. Na4 Bxb2 20. Qxb2 dxe4 21. Ng5
Rxd1+ 22. Rxd1 Rd8 23. Re1 e3 24. fxe3 Nd5 25. Ne4 Bd3 26. Nf2 Ba6 27. Bxd5 cxd5
28. Ng4 h5 29. Nf6+ Kf8 30. c6 Nxc6 31. Nc5 Bc8 32. Rf1 Qe5 33. Qf2 Qc7 34.
Nfd7+ Rxd7 35. Nxe6+ 1-0

[Event "Gelfand Challenge 2021"]
[Site "chess24.com INT"]
[Date "2021.06.12"]
[Round "13.8"]
[White "Badelka, Olga"]
[Black "Abdusattorov, Nodirbek"]
[Result "0-1"]
[WhiteTitle "IM"]
[BlackTitle "GM"]
[WhiteElo "2418"]
[BlackElo "2634"]
[WhiteFideId "13509926"]
[BlackFideId "14204118"]
[EventDate "2021.06.10"]

1. d4 Nf6 2. c4 c5 3. d5 e6 4. Nc3 exd5 5. cxd5 d6 6. e4 g6 7. f4 Bg7 8. Bb5+
Nfd7 9. Nf3 O-O 10. O-O a6 11. Bd3 b5 12. Qe1 c4 13. Bc2 Re8 14. Qg3 Nc5 15. e5
b4 16. Ne4 Nxe4 17. Bxe4 Nd7 18. Ng5 Nc5 19. e6 fxe6 20. Qh4 Bd4+ 21. Kh1 Ra7
22. Bf3 e5 23. fxe5 dxe5 24. Bg4 Bxg4 25. Qxg4 Qxd5 26. a3 b3 27. Bd2 Bxb2 28.
Rad1 Bd4 29. Bb4 b2 30. Bxc5 Qxc5 31. Ne4 Qc8 32. Nf6+ Kh8 33. Qe4 Rf8 34. Rxd4
exd4 35. Qxd4 Rg7 36. Qxb2 c3 37. Qb6 c2 38. Rc1 Rgf7 0-1

[Event "Gelfand Challenge 2021"]
[Site "chess24.com INT"]
[Date "2021.06.12"]
[Round "13.9"]
[White "Salimova, Nurgyul"]
[Black "Murzin, Volodar"]
[Result "1/2-1/2"]
[WhiteTitle "IM"]
[BlackTitle "IM"]
[WhiteElo "2395"]
[BlackElo "2502"]
[WhiteFideId "2915138"]
[BlackFideId "44155573"]
[EventDate "2021.06.10"]

1. d4 Nf6 2. Nf3 g6 3. Nbd2 d5 4. e3 Bg7 5. b4 O-O 6. c4 c6 7. a4 Bf5 8. Be2
Nbd7 9. O-O a5 10. b5 Ne4 11. Nxe4 dxe4 12. Nd2 e5 13. d5 cxd5 14. cxd5 Nb6 15.
g4 Bc8 16. Ba3 Nxd5 17. Nxe4 Nb4 18. Qxd8 Rxd8 19. Rac1 b6 20. Rc7 Be6 21. Ng5
Bd5 22. e4 Bh6 23. exd5 Bxg5 24. Bxb4 axb4 25. Ra1 b3 26. Rb1 Rxa4 27. Rxb3 e4
28. Bc4 Rd6 29. Rc3 Bf6 30. Rc2 Bd4 31. Rc6 Bc5 32. Kg2 Kf8 33. Bb3 Rb4 34.
R2xc5 bxc5 35. Rxd6 Rxb3 36. b6 c4 37. Rc6 c3 38. d6 Ke8 39. b7 Kd7 40. Rxc3
Rxb7 41. Rh3 Kxd6 42. Rxh7 Ke6 43. h4 Rb2 44. Kg3 Rb3+ 45. Kg2 Rb2 46. Kg3 Rb3+
47. Kg2 Rb2 1/2-1/2

[Event "Gelfand Challenge 2021"]
[Site "chess24.com INT"]
[Date "2021.06.12"]
[Round "13.10"]
[White "Liang, Awonder"]
[Black "Khademalsharieh, Sarasadat"]
[Result "1-0"]
[WhiteTitle "GM"]
[BlackTitle "IM"]
[WhiteElo "2592"]
[BlackElo "2494"]
[WhiteFideId "2056437"]
[BlackFideId "12512214"]
[EventDate "2021.06.10"]

1. d4 Nf6 2. Bf4 d5 3. e3 c5 4. Nf3 Nc6 5. Nbd2 cxd4 6. exd4 Bf5 7. c3 e6 8. Qb3
Bd6 9. Qxb7 Bxf4 10. Qxc6+ Kf8 11. Qa6 g6 12. Bd3 Ne4 13. Nb3 h5 14. g3 Bh6 15.
Ne5 Kg7 16. f3 Nd6 17. Bxf5 Nxf5 18. O-O h4 19. g4 Be3+ 20. Kg2 Qg5 21. Nc5 Rae8
22. Ncd3 Bf4 23. Rf2 Ne3+ 24. Kh1 Re7 25. Rg1 Bg3 26. f4 Qf6 27. Rf3 Nc4 28.
Nxc4 dxc4 29. Nc5 Bxf4 30. Ne4 1-0

[Event "Gelfand Challenge 2021"]
[Site "chess24.com INT"]
[Date "2021.06.12"]
[Round "14.1"]
[White "Keymer, Vincent"]
[Black "Khademalsharieh, Sarasadat"]
[Result "1-0"]
[WhiteTitle "GM"]
[BlackTitle "IM"]
[WhiteElo "2591"]
[BlackElo "2494"]
[WhiteFideId "12940690"]
[BlackFideId "12512214"]
[EventDate "2021.06.10"]

1. c4 e6 2. Nc3 d5 3. d4 Bb4 4. cxd5 exd5 5. Bf4 c6 6. e3 Bd6 7. Bg3 Ne7 8. Nf3
O-O 9. Qb3 Qc7 10. Bd3 Bf5 11. Bxd6 Qxd6 12. Bxf5 Nxf5 13. Qxb7 Nd7 14. Qb3 Qg6
15. O-O Rab8 16. Qa3 Rb7 17. b3 Re8 18. Rac1 h5 19. Qa6 Reb8 20. Ne2 Ne7 21. Nf4
Qh6 22. Nd3 h4 23. h3 Rc7 24. Nfe5 Rb6 25. Qa3 Nxe5 26. Nxe5 Nf5 27. Rc3 Nd6 28.
Qc1 Ne4 29. Rc2 Qd6 30. Nd3 Qg6 31. Qd1 Ng5 32. Nf4 Qf5 33. Rc5 Ne6 34. Nxe6
Qxe6 35. Qh5 Qf6 36. Rfc1 Rd7 37. Qg4 Rd8 38. Qf3 Qxf3 39. gxf3 Rd6 40. Ra5 Rd7
41. f4 f5 42. Kf1 Kf7 43. Ke2 Kf6 44. Rcc5 Re7 45. Kf3 Rd7 46. Ra4 Ke6 47. Rca5
Rbb7 48. Ra6 Kd6 49. b4 Rdc7 50. a3 Ke7 51. R4a5 Kd7 52. Ke2 Ke7 53. Kd3 Kd7 54.
Kc3 Kc8 55. Kb3 Kb8 56. Rc5 Rb6 57. Raa5 a6 58. Rc1 Rb5 59. Rxa6 Kb7 60. Ra5
Rxa5 61. bxa5 Ka6 62. Ka4 g6 63. Rg1 Rg7 64. Kb4 Rb7+ 65. Kc5 Rb2 66. Rxg6 Rxf2
67. Rxc6+ Kxa5 68. Rh6 Rf3 69. Rxh4 Rxe3 70. Kxd5 1-0

[Event "Gelfand Challenge 2021"]
[Site "chess24.com INT"]
[Date "2021.06.12"]
[Round "14.2"]
[White "Murzin, Volodar"]
[Black "Liang, Awonder"]
[Result "1-0"]
[WhiteTitle "IM"]
[BlackTitle "GM"]
[WhiteElo "2502"]
[BlackElo "2592"]
[WhiteFideId "44155573"]
[BlackFideId "2056437"]
[EventDate "2021.06.10"]

1. e4 c6 2. Nf3 d5 3. exd5 cxd5 4. Ne5 Nc6 5. Bb5 Bd7 6. Bxc6 bxc6 7. O-O Nf6 8.
d4 g6 9. Bg5 Bg7 10. Nd2 O-O 11. c3 h6 12. Bh4 Rb8 13. Nb3 Ne4 14. f3 Nd6 15.
Qe2 Re8 16. Nc5 Bxe5 17. dxe5 Nb7 18. Nxd7 Qxd7 19. Qe3 Kg7 20. Qxa7 c5 21. Qa6
Nd8 22. Qe2 c4 23. Kh1 Ne6 24. f4 Nc5 25. f5 gxf5 26. Qh5 Qe6 27. Rxf5 Qg6 28.
Qf3 Rxb2 29. Rf1 Ne6 30. Rxf7+ Kg8 31. Bxe7 Rb1 32. Rf6 Rxf1+ 33. Qxf1 Qd3 34.
Bb4 Ng5 35. h4 Qxf1+ 36. Rxf1 Ne4 37. Kh2 Rxe5 38. a4 Re6 39. a5 Kg7 40. Rd1 Nf6
41. Bc5 Ra6 42. Bb6 Kg6 43. Bd8 Ng4+ 44. Kg1 Ne3 45. Re1 Nf5 46. g4 Ng3 47. Re5
d4 48. cxd4 Rc6 49. Kg2 c3 50. Kxg3 c2 51. Re1 c1=Q 52. Rxc1 Rxc1 53. Kf4 Kf7
54. Ke5 Ke8 55. Bb6 Ke7 56. Bc5+ Kd7 57. a6 1-0

[Event "Gelfand Challenge 2021"]
[Site "chess24.com INT"]
[Date "2021.06.12"]
[Round "14.3"]
[White "Abdusattorov, Nodirbek"]
[Black "Salimova, Nurgyul"]
[Result "0-1"]
[WhiteTitle "GM"]
[BlackTitle "IM"]
[WhiteElo "2634"]
[BlackElo "2395"]
[WhiteFideId "14204118"]
[BlackFideId "2915138"]
[EventDate "2021.06.10"]

1. e4 c6 2. d4 d5 3. exd5 cxd5 4. Bd3 Nf6 5. c3 Bg4 6. Qb3 Qc7 7. h3 Bh5 8. Ne2
Nc6 9. Bf4 Qd7 10. Nd2 e6 11. O-O Be7 12. Be3 Bg6 13. Nf4 Bxd3 14. Nxd3 O-O 15.
Ne5 Qc7 16. f4 Rab8 17. a4 a6 18. Qd1 b5 19. Qe2 bxa4 20. Qxa6 Nxe5 21. fxe5 Nh5
22. Rxa4 Rxb2 23. c4 Ng3 24. Re1 Nf5 25. Nf1 dxc4 26. Rxc4 Qd8 27. Bf2 Bh4 28.
g3 Be7 29. Qc6 h5 30. Qf3 g6 31. Rec1 Qa5 32. Rc7 Bg5 33. g4 hxg4 34. hxg4 Bxc1
35. Rxc1 Qd8 36. Qf4 Rxf2 37. Qxf2 Qg5 38. Rc4 Qxg4+ 39. Qg2 Qxg2+ 40. Kxg2 Rd8
41. Nh2 Ne3+ 0-1

[Event "Gelfand Challenge 2021"]
[Site "chess24.com INT"]
[Date "2021.06.12"]
[Round "14.4"]
[White "Yip, Carissa"]
[Black "Badelka, Olga"]
[Result "1-0"]
[WhiteTitle "IM"]
[BlackTitle "IM"]
[WhiteElo "2430"]
[BlackElo "2418"]
[WhiteFideId "2090732"]
[BlackFideId "13509926"]
[EventDate "2021.06.10"]

1. Nf3 c5 2. c4 Nf6 3. b3 g6 4. Bb2 Bg7 5. g3 b6 6. Bg2 Bb7 7. O-O O-O 8. d4
cxd4 9. Bxd4 Nc6 10. Bb2 d6 11. Nc3 Rc8 12. Rc1 Nd7 13. Qd2 Nde5 14. Rfd1 Nxf3+
15. Bxf3 Qd7 16. Nd5 Ne5 17. Bg2 h5 18. f4 Bxd5 19. Bxd5 Ng4 20. Bxg7 Kxg7 21.
Bf3 Nf6 22. Kg2 Qe6 23. Qd4 Rh8 24. h3 Rc5 25. e4 Rhc8 26. Re1 b5 27. e5 dxe5
28. fxe5 Nh7 29. Bd5 Qb6 30. e6+ Nf6 31. exf7 bxc4 32. bxc4 Rd8 33. Rcd1 Qc7 34.
Re6 Ra5 35. Rd2 Rd6 36. Qe5 Rdxd5 37. Qxc7 Rxd2+ 38. Kf1 Rdxa2 39. f8=Q+ 1-0

[Event "Gelfand Challenge 2021"]
[Site "chess24.com INT"]
[Date "2021.06.12"]
[Round "14.5"]
[White "Nihal, Sarin"]
[Black "Gukesh, D"]
[Result "1-0"]
[WhiteTitle "GM"]
[BlackTitle "GM"]
[WhiteElo "2620"]
[BlackElo "2578"]
[WhiteFideId "25092340"]
[BlackFideId "46616543"]
[EventDate "2021.06.10"]

1. e4 c5 2. Nf3 Nc6 3. c3 Nf6 4. e5 Nd5 5. Bc4 e6 6. O-O d6 7. d4 cxd4 8. cxd4
Be7 9. Qe2 O-O 10. Nc3 dxe5 11. dxe5 Nxc3 12. bxc3 Bd7 13. Bd3 Qc7 14. Qe4 g6
15. Bh6 Rfd8 16. Rad1 Be8 17. Qf4 Rd5 18. Be4 Rc5 19. Bxc6 Bxc6 20. Ng5 Bf8 21.
Bxf8 Rxf8 22. Rfe1 h6 23. Ne4 Bxe4 24. Rxe4 Kh7 25. h4 Rd5 26. Rxd5 exd5 27. Re3
Qc4 28. Qf6 Qxa2 29. Rf3 Qb1+ 30. Kh2 Qb6 31. e6 Qd6+ 32. g3 Qc6 33. Qxf7+ Rxf7
34. exf7 1-0

[Event "Gelfand Challenge 2021"]
[Site "chess24.com INT"]
[Date "2021.06.12"]
[Round "14.6"]
[White "Zhu, Jiner"]
[Black "Yoo, Christopher Woojin"]
[Result "0-1"]
[WhiteTitle "WGM"]
[BlackTitle "IM"]
[WhiteElo "2462"]
[BlackElo "2457"]
[WhiteFideId "8608059"]
[BlackFideId "30909694"]
[EventDate "2021.06.10"]

1. e4 c5 2. Nf3 e6 3. d4 cxd4 4. Nxd4 Nf6 5. Nc3 Bb4 6. Bd3 d6 7. O-O O-O 8. Bd2
e5 9. Nb3 Be6 10. a3 Bxc3 11. Bxc3 Nbd7 12. Bb4 Qc7 13. Qe2 a5 14. Bd2 a4 15.
Nc1 d5 16. exd5 Bxd5 17. Bb4 Rfc8 18. f3 Nc5 19. Bf5 Be6 20. Bxe6 Nxe6 21. Nd3
Qxc2 22. Qxc2 Rxc2 23. Bc3 Nd4 24. Rf2 Rxf2 25. Kxf2 Nd5 26. Bxd4 exd4 27. Rc1
Ne3 28. Rc7 b5 29. Rd7 Rc8 30. Rxd4 Nf5 31. Rd5 Rc2+ 32. Ke1 g6 33. Rxb5 Rxg2
34. Rb4 Rxh2 35. Rxa4 h5 36. Nf2 Rg2 37. Kf1 Ne3+ 38. Ke2 Nd1 39. Kxd1 Rxf2 40.
Rb4 Rxf3 41. Ke2 Rh3 42. a4 Rh1 43. Rb3 h4 44. Kf2 h3 45. Kg3 f5 46. a5 g5 47.
a6 f4+ 48. Kf2 h2 49. Rb8+ Kg7 50. Rb7+ Kg6 51. Rb6+ Kf5 52. Kg2 f3+ 53. Kxh1 f2
54. Rb5+ Kf4 55. Rb4+ Ke3 56. Rb3+ Ke2 0-1

[Event "Gelfand Challenge 2021"]
[Site "chess24.com INT"]
[Date "2021.06.12"]
[Round "14.7"]
[White "Mendonca, Leon Luke"]
[Black "Saduakassova, Dinara"]
[Result "1-0"]
[WhiteTitle "GM"]
[BlackTitle "IM"]
[WhiteElo "2549"]
[BlackElo "2500"]
[WhiteFideId "35028561"]
[BlackFideId "13700090"]
[EventDate "2021.06.10"]

1. d4 Nf6 2. c4 e6 3. Nf3 b6 4. g3 Ba6 5. Qc2 Bb7 6. Bg2 c5 7. d5 exd5 8. cxd5
Nxd5 9. O-O Be7 10. Rd1 Nc6 11. a3 Nc7 12. Nc3 O-O 13. Bf4 Ne6 14. e3 d6 15. Nd5
Nxf4 16. Nxf4 Re8 17. Rd2 Bf8 18. Rad1 Rb8 19. h4 h6 20. h5 Ne5 21. Nxe5 Rxe5
22. Qa4 Bxg2 23. Kxg2 b5 24. Qxa7 Qc8 25. Qa5 Qb7+ 26. Kg1 b4 27. Qa4 bxa3 28.
Qxa3 d5 29. Rxd5 Rxd5 30. Rxd5 Qxb2 31. Qxb2 Rxb2 32. Rd8 Rb6 33. Rc8 g6 34.
hxg6 fxg6 35. Nd5 Re6 36. f4 h5 37. Kf2 Kf7 38. Kf3 Ra6 39. e4 Ra3+ 40. Ne3 Be7
41. e5 Ke6 42. Rc6+ Kd7 43. Rxg6 c4 44. Ke4 c3 45. f5 Ra4+ 46. Kd3 Ra5 47. f6
Bf8 48. Rg8 Bh6 49. Nf5 Rxe5 50. Nxh6 1-0

[Event "Gelfand Challenge 2021"]
[Site "chess24.com INT"]
[Date "2021.06.12"]
[Round "14.8"]
[White "Praggnanandhaa, R"]
[Black "Mammadzada, Gunay"]
[Result "1-0"]
[WhiteTitle "GM"]
[BlackTitle "IM"]
[WhiteElo "2608"]
[BlackElo "2443"]
[WhiteFideId "25059530"]
[BlackFideId "13403729"]
[EventDate "2021.06.10"]

1. d4 d5 2. c4 c6 3. Nf3 Nf6 4. Nc3 e6 5. e3 Nbd7 6. Be2 Bd6 7. b3 O-O 8. Bb2 e5
9. dxe5 Nxe5 10. cxd5 cxd5 11. O-O Be6 12. Nb5 Nxf3+ 13. Bxf3 Be7 14. Rc1 a6 15.
Nc7 Rc8 16. Nxd5 Bxd5 17. Rxc8 Qxc8 18. Bxd5 Nxd5 19. Qxd5 Qc2 20. Bd4 b5 21.
Qb7 Ba3 22. Qxa6 b4 23. Qd6 Qxa2 24. Qe5 f6 25. Qe6+ Kh8 26. Qe7 Kg8 27. Bc5 Ra8
28. Qb7 Rd8 29. Be7 Re8 30. Qd5+ Kh8 31. Qf7 Ra8 32. Bf8 1-0

[Event "Gelfand Challenge 2021"]
[Site "chess24.com INT"]
[Date "2021.06.12"]
[Round "14.9"]
[White "Bjerre, Jonas Buhl"]
[Black "Shuvalova, Polina"]
[Result "1-0"]
[WhiteTitle "GM"]
[BlackTitle "IM"]
[WhiteElo "2542"]
[BlackElo "2489"]
[WhiteFideId "1444948"]
[BlackFideId "24171760"]
[EventDate "2021.06.10"]

1. e4 e5 2. Nf3 Nc6 3. Bb5 a6 4. Ba4 Nf6 5. O-O Be7 6. d3 d6 7. c3 O-O 8. Re1 h6
9. Nbd2 Re8 10. Nf1 Bf8 11. Ng3 b5 12. Bc2 d5 13. exd5 Qxd5 14. d4 Bg4 15. Bb3
Qd7 16. h3 Bxf3 17. Qxf3 exd4 18. Bxh6 dxc3 19. bxc3 Ne5 20. Rxe5 Rxe5 21. Qxa8
gxh6 22. Qxa6 Ne4 23. Nxe4 Rxe4 24. Qg6+ 1-0

[Event "Gelfand Challenge 2021"]
[Site "chess24.com INT"]
[Date "2021.06.12"]
[Round "14.10"]
[White "Lei, Tingjie"]
[Black "Abdumalik, Zhansaya"]
[Result "1-0"]
[WhiteTitle "GM"]
[BlackTitle "IM"]
[WhiteElo "2505"]
[BlackElo "2472"]
[WhiteFideId "8605114"]
[BlackFideId "13703544"]
[EventDate "2021.06.10"]

1. d4 d5 2. c4 dxc4 3. Nf3 Nf6 4. e3 e6 5. Bxc4 c5 6. O-O a6 7. b3 b5 8. Be2 Bb7
9. a4 b4 10. Bb2 Nbd7 11. Nbd2 cxd4 12. Bxd4 Bc5 13. Nc4 O-O 14. Rc1 Ne4 15. Ba1
Ndf6 16. Qxd8 Rfxd8 17. Na5 Bd5 18. Nd4 Bxd4 19. Bxd4 Nd2 20. Rfe1 Nxb3 21. Nxb3
Bxb3 22. Rb1 Bxa4 23. Rxb4 Be8 24. Bf3 Rab8 25. Reb1 Rxb4 26. Rxb4 Bb5 27. g4
Nd7 28. Rb1 Rc8 29. Bb7 Rc7 30. Be4 f6 31. h4 Nf8 32. Kh2 Kf7 33. Kg3 g6 34. Rd1
f5 35. gxf5 gxf5 36. Bf3 Ng6 37. h5 Ne7 38. Kf4 Rc8 39. h6 Ng6+ 40. Kg5 e5 41.
Bb6 Ne7 42. Rd6 Rg8+ 43. Kh4 Ng6+ 44. Kh3 Bf1+ 45. Kh2 Rc8 46. Rd7+ Ne7 47. Bd5+
Kf6 48. Bd8 Rxd8 49. Rxd8 Kg5 50. Be6 Bb5 51. Rd6 Ng6 52. Bc8 f4 53. e4 Kxh6 54.
Bxa6 Bxa6 55. Rxa6 Kg5 56. Ra7 h6 57. Rh7 h5 58. Kh3 Nh4 59. Re7 Kf6 60. Rh7 Kg5
61. Rh8 Nf3 62. Rg8+ Kf6 63. Kg2 Nd2 64. f3 Nc4 65. Rh8 Kg6 66. Rc8 Ne3+ 67. Kh3
Nf1 68. Rc6+ Kf7 69. Rh6 Ng3 70. Kh4 Ke7 71. Kg5 Kf7 72. Ra6 Ke7 73. Rh6 Kf7 74.
Rxh5 Nxh5 75. Kxh5 Ke7 76. Kg5 Ke6 77. Kg6 Ke7 78. Kf5 Kd6 79. Kf6 1-0

[Event "Gelfand Challenge 2021"]
[Site "chess24.com INT"]
[Date "2021.06.12"]
[Round "15.1"]
[White "Abdumalik, Zhansaya"]
[Black "Keymer, Vincent"]
[Result "0-1"]
[WhiteTitle "IM"]
[BlackTitle "GM"]
[WhiteElo "2472"]
[BlackElo "2591"]
[WhiteFideId "13703544"]
[BlackFideId "12940690"]
[EventDate "2021.06.10"]

1. e4 c5 2. Nf3 d6 3. d4 cxd4 4. Nxd4 Nf6 5. Nc3 a6 6. g3 e5 7. Nb3 Be7 8. Bg2
Be6 9. O-O Nbd7 10. h3 Rc8 11. Re1 b5 12. Nd2 Nb6 13. Nf1 O-O 14. Ne3 Rxc3 15.
bxc3 Qc7 16. Bd2 Na4 17. Qf3 Rc8 18. g4 Nd7 19. Nf5 Bf8 20. g5 Ndb6 21. h4 Nc4
22. Bc1 Qa5 23. Bf1 Qxc3 24. Qxc3 Nxc3 25. Bd3 g6 26. Ne3 Nb6 27. a3 Be7 28. Bd2
Nba4 29. Nd1 Nxd1 30. Rexd1 Kf8 31. f4 Ke8 32. f5 Bd7 33. Kf2 Nb2 34. Rdc1 Bd8
35. f6 Bb6+ 36. Be3 Ba5 37. Be2 Be6 38. a4 Nxa4 39. c4 Bd7 40. cxb5 Rxc1 41.
Rxa4 Be1+ 42. Kf3 axb5 43. Bxb5 Rc8 44. Bxd7+ Kxd7 45. Ra1 Bb4 46. h5 gxh5 47.
Rh1 Rc3 48. Ke2 Bc5 49. Bd2 Rc4 50. Rxh5 Rxe4+ 51. Kf3 Rd4 52. Rxh7 Ke6 53. Ke2
Rg4 54. Rh8 Rg2+ 55. Ke1 d5 56. Re8+ Kf5 57. Rc8 Ba3 58. Rc7 Kg6 59. Ra7 Bc5 60.
Ra5 Rxd2 61. Rxc5 Rd4 62. Rc7 Rg4 63. Rd7 d4 64. Ke2 Rxg5 65. Rd6 Rf5 66. Kd3
Rxf6 67. Rd5 Kf5 0-1

[Event "Gelfand Challenge 2021"]
[Site "chess24.com INT"]
[Date "2021.06.12"]
[Round "15.2"]
[White "Shuvalova, Polina"]
[Black "Lei, Tingjie"]
[Result "1/2-1/2"]
[WhiteTitle "IM"]
[BlackTitle "GM"]
[WhiteElo "2489"]
[BlackElo "2505"]
[WhiteFideId "24171760"]
[BlackFideId "8605114"]
[EventDate "2021.06.10"]

1. e4 e5 2. Nf3 Nc6 3. Bb5 Nf6 4. O-O Nxe4 5. Re1 Nd6 6. Nxe5 Be7 7. Bf1 Nxe5 8.
Rxe5 O-O 9. d4 Bf6 10. Re1 Re8 11. Rxe8+ Nxe8 12. d5 d6 13. Nd2 a5 14. a4 Bg5
15. Ne4 Bxc1 16. Qxc1 Bf5 17. Qf4 Bxe4 18. Qxe4 Nf6 19. Qc4 Qd7 20. Ra3 Re8 21.
Rc3 Re7 22. Qd4 b6 23. Rg3 Qf5 24. h3 Qe5 25. Qxe5 Rxe5 26. c4 Kf8 27. Re3 Rxe3
28. fxe3 Ke7 29. Bd3 Nd7 30. Kf2 Kf6 31. h4 h5 32. Bc2 Ne5 33. b3 Ng4+ 34. Kf3
Ke5 35. Bd3 Nf6 36. Bc2 Ng4 37. Bd3 f5 38. Bc2 Nf6 39. Bd3 Nd7 40. Bc2 Nc5 41.
Kg3 Ne4+ 42. Kf3 Nc5 43. g3 Ne4 44. Bxe4 fxe4+ 45. Kg2 Kf6 46. Kh2 Kg6 47. Kg2
Kf5 48. Kh3 g5 49. g4+ hxg4+ 50. Kg3 gxh4+ 51. Kxh4 g3 52. Kxg3 Kg5 53. Kh3 Kh5
54. Kg3 Kg5 55. Kh3 Kh5 56. Kg3 Kg5 1/2-1/2

[Event "Gelfand Challenge 2021"]
[Site "chess24.com INT"]
[Date "2021.06.12"]
[Round "15.3"]
[White "Mammadzada, Gunay"]
[Black "Bjerre, Jonas Buhl"]
[Result "1/2-1/2"]
[WhiteTitle "IM"]
[BlackTitle "GM"]
[WhiteElo "2443"]
[BlackElo "2542"]
[WhiteFideId "13403729"]
[BlackFideId "1444948"]
[EventDate "2021.06.10"]

1. e4 c5 2. Nf3 d6 3. d4 cxd4 4. Nxd4 Nf6 5. Nc3 a6 6. h3 e5 7. Nde2 h5 8. Bg5
Be6 9. Bxf6 Qxf6 10. Nd5 Qd8 11. Nec3 Nd7 12. Bc4 Rc8 13. Qe2 g6 14. O-O-O Bh6+
15. Kb1 O-O 16. g3 h4 17. f4 hxg3 18. f5 gxf5 19. exf5 Bxf5 20. Bd3 Bg6 21. Rhg1
Qh4 22. Bxg6 fxg6 23. Ne4 Kh7 24. Rxg3 Qh5 25. Qxh5 gxh5 26. Nxd6 Rc6 27. Ne4
Nc5 28. Ng5+ Kh8 29. c4 Ne6 30. Nxe6 Rxe6 31. Ne3 e4 32. Re1 Rf3 33. Nf1 Ref6
34. Rg1 e3 35. Ng3 Rd6 36. Ne2 Rd2 37. Rg6 Bg7 38. Reg1 Rxb2+ 39. Kc1 Rxe2 40.
Rxg7 Rf1+ 41. Rxf1 Kxg7 42. Rf3 Kg6 43. Kd1 Rd2+ 44. Ke1 Rxa2 45. Rxe3 Kf5 46.
Re7 Rb2 47. Kd1 a5 48. Kc1 Rb4 49. Kd2 Rb3 50. Rc7 b6 51. c5 b5 52. c6 b4 53.
Ra7 Rc3 54. Rxa5+ Kf4 55. Rxh5 Rxc6 56. Rh4+ Kg3 57. Rxb4 Kxh3 1/2-1/2